Detalles MARC
| 000 -LIDER |
| fixed length control field |
01012nam a22002657a 4500 |
| 003 - IDENTIFICACDOR DE NÚMERO DE CONTROL |
| control field |
DO-SdBNP |
| 005 - DATE AND TIME OF LATEST TRANSACTION |
| control field |
20220713074103.0 |
| 007 - CAMPOS FIJOS DE DESCRIPCIÓN FÍSICA |
| fixed length control field |
ta |
| 008 - ELEMENTOS DE LONGITUD FIJA |
| fixed length control field |
210705e2021 dr ||| 001 pd spa d |
| 020 ## - ISBN |
| International Standard Book Number |
9789945097139 |
| 040 ## - FUENTE DE CATALOGACIÓN |
| Agencia que crea de manera original el registro |
DO-SdBNP |
| Idioma de catalogación |
spa |
| Agencia que realiza la transcripción |
BPMSU |
| 082 #4 - NÚMERO DE CLASIFICACIÓN DECIMAL DE DEWEY |
| Classification number |
RD861.44 |
| Item number |
M827s 2021 |
| Edition number |
22 |
| 100 1# - ASIENTO PRINCIPAL -- NOMBRE PERSONAL |
| Nombre personal |
Mora Serrano, Manuel |
| Fechas asociadas con el nombre |
1933 - |
| 100 z# - ASIENTO PRINCIPAL -- NOMBRE PERSONAL |
| Nombre personal |
Serrano, Manuel Mora |
| Fechas asociadas con el nombre |
1933- |
| 245 10 - MENCIÓN DE TITULO |
| Título |
Sinfonía en la primavera : |
| Subtítulo |
(Poema) / |
| Mención de responsabilidad |
Manuel Mora Serrano |
| 260 ## - PUBLICACIÓN, DISTRIBUCIÓN, ETC. (PIE DE IMPRENTA) |
| Lugar de publicación, distribución, etc |
Santo Domingo : |
| Nombre del editor, distribuidor, etc. |
Editora Búho, |
| Fecha de publicación, distribución, etc |
2021 |
| 300 ## - DESCRIPCIÓN FÍSICA |
| Extensión |
45 p.; |
| Dimensiones |
23 cm |
| 500 ## - NOTA GENERAL |
| Nota general |
Incluye datos biográficos del autor en las solapas |
| 505 ## - NOTA DE CONTENIDO |
| Título |
Breves palabras.-- |
| -- |
La gran duda del poeta.-- |
| -- |
El poema.-- |
| -- |
Primer movimiento. Las neblinas.-- |
| -- |
Segundo movimiento. Mujer de agua desnuda |
| -- |
Tercer movimiento. De verano y amor |
| -- |
Cuarto movimiento. Lluvia y amapolas |
| -- |
Quinto movimiento. EL azul |
| 590 ## - NOTA LOCAL |
| Texto de la nota local |
Inventariado 2022/VM |
| 650 #4 - ENCABEZAMIENTO DE MATERIA--TEMÁTICO |
| Término temático o nombre geográfico como elemento de entrada |
Poesía dominicana |
| 650 #4 - ENCABEZAMIENTO DE MATERIA--TEMÁTICO |
| Término temático o nombre geográfico como elemento de entrada |
Literatura dominicana |
| 910 ## - VALIDACIÓN |
| Validación |
VMateo |
| 942 ## - ADDED ENTRY ELEMENTS (KOHA) |
| Source of classification or shelving scheme |
Dewey Decimal Classification |
| Koha item type |
Libros |